000 00860nam a2200253Ia 4500
003 OSt
005 20220916110922.0
006 a|||||r|||| 00| 0
007 ta
008 220915b |||||||| |||| 00| 0 hin d
024 _a215082
037 _cTextbook
040 _bhin
_aARTS
_cARTS
041 _ahin
082 _aO5923,3x, 152M3
100 _aमाचवे, प्रभाकर, अनु.
245 0 _aसात युगोस्लाव कहानियां
246 _aSāt yugoslāv kahāniyāan
260 _aनई
_bदिल्ली साहित्य अकादमी भारत
_c1983
300 _a51पृ0
_ccm.
650 _aहिन्दी साहित्य
942 _hO5923,3x, 152M3
_cTB
_2CC
999 _c101372
_d101372